| 000 | 00792nam a2200205 a 4500 | ||
|---|---|---|---|
| 001 | 000021862 | ||
| 003 | DO-SdBNP | ||
| 005 | 20240206104337.0 | ||
| 008 | 100914s1982 dr 000 0 spa d | ||
| 040 |
_aDO-SdBNP _bspa _cBNPHU |
||
| 049 | _aBNPD | ||
| 082 |
_axxx _bC965n |
||
| 111 | 2 |
_aSeminario regional de expertos sobre comparaciones del sistema de cuentas nacionales y del sistema de balances de la economía nacional en América latina. _d(1982 may. : _cLa Habana) _945392 |
|
| 245 | 1 | 0 |
_aCuentas nacionales y producto material en América Latina : _bcomparabilidad de ambos sistemas. |
| 260 |
_aSantiago de Chile : _bNaciones Unidas, _c1982. |
||
| 300 |
_a129 p. ; _c23 cm. |
||
| 500 | _aIncluye notas al pie de páginas | ||
| 650 | 0 |
_aEconomía regional _984865 |
|
| 942 |
_2ddc _cLBS1 |
||
| 999 |
_c21360 _d21360 |
||